[Event "CZE-ch U18"]
[Site "Jaromerice nad Rokytnou"]
[Date "2024.03.12"]
[Round "6"]
[White "Jun, Rudolf Jr"]
[Black "Paseka, Matyas"]
[Result "1/2-1/2"]
[WhiteElo "2243"]
[BlackElo "2233"]
[PlyCount "62"]
[EventDate "2024.03.10"]
[EventType "tourn"]
[EventRounds "11"]
[EventCountry "CZE"]
[SourceTitle "EXT 2025"]
[Source "ChessBase"]
[SourceDate "2024.10.14"]
[SourceVersion "1"]
[SourceVersionDate "2024.10.14"]
[SourceQuality "1"]

1. e4 c5 2. Nf3 Nc6 3. Nc3 g6 4. d4 cxd4 5. Nxd4 Bg7 6. Be3 Nf6 7. Be2 0-0 8. 0-0 d5 9. exd5 Nxd5 10. Nxd5 Nxd4 11. Bxd4 Qxd5 12. Bxg7 Qxd1 13. Rfxd1 Kxg7 14. Rd2 Be6 15. Rad1 Rac8 16. f4 Rc7 17. a3 Rfc8 18. c3 h5 19. h4 Kf6 20. Kf2 Bb3 21. Re1 Be6 22. Bf3 b6 23. Ke3 Bf5 24. Red1 Be6 25. Rd4 Bb3 26. R1d2 Be6 27. Bd5 Rd8 28. Bxe6 Rxd4 29. Rxd4 Kxe6 30. c4 Kf5 31. Kf3 e6 1/2-1/2

[Event "CZE-ch U18"]
[Site "Jaromerice nad Rokytnou"]
[Date "2024.03.11"]
[Round "5"]
[White "Skypala, Ondrej"]
[Black "Jun, Rudolf Jr"]
[Result "1/2-1/2"]
[WhiteElo "2234"]
[BlackElo "2243"]
[PlyCount "62"]
[EventDate "2024.03.10"]
[EventType "tourn"]
[EventRounds "11"]
[EventCountry "CZE"]
[SourceTitle "EXT 2025"]
[Source "ChessBase"]
[SourceDate "2024.10.14"]
[SourceVersion "1"]
[SourceVersionDate "2024.10.14"]
[SourceQuality "1"]

1. c4 Nf6 2. g3 e5 3. Bg2 d5 4. cxd5 Nxd5 5. Nc3 Nxc3 6. bxc3 Nc6 7. d3 Bc5 8. Nf3 0-0 9. 0-0 Qf6 10. Qa4 Bd7 11. Rb1 Bb6 12. Qh4 Qxh4 13. Nxh4 Be6 14. Ba3 Rfd8 15. Rb2 Bd5 16. c4 Bxg2 17. Kxg2 e4 18. dxe4 Rd4 19. c5 Ba5 20. Rxb7 Rxe4 21. e3 Ra4 22. Rb3 Rd8 23. Nf3 f6 24. Rc1 Kf7 25. Kf1 g5 26. h3 h5 27. g4 hxg4 28. hxg4 Rxg4 29. Bb2 Rb4 30. Rxb4 Bxb4 31. Ke2 Ke6 1/2-1/2

[Event "CZE-ch U18"]
[Site "Jaromerice nad Rokytnou"]
[Date "2024.03.10"]
[Round "4"]
[White "Jun, Rudolf Jr"]
[Black "Vilimek, Vit"]
[Result "1/2-1/2"]
[WhiteElo "2243"]
[BlackElo "2061"]
[PlyCount "165"]
[EventDate "2024.03.10"]
[EventType "tourn"]
[EventRounds "11"]
[EventCountry "CZE"]
[SourceTitle "EXT 2025"]
[Source "ChessBase"]
[SourceDate "2024.10.14"]
[SourceVersion "1"]
[SourceVersionDate "2024.10.14"]
[SourceQuality "1"]

1. e4 e5 2. Nf3 Nc6 3. Bb5 a6 4. Ba4 Nf6 5. 0-0 Be7 6. Re1 b5 7. Bb3 0-0 8. c3 d5 9. d3 dxe4 10. dxe4 Qxd1 11. Bxd1 Bc5 12. h3 Bb7 13. Bc2 Rfe8 14. Nbd2 Bf8 15. Nb3 Nd7 16. Be3 Nb6 17. Nc5 Bc8 18. b3 Nd7 19. Nd3 Na5 20. a4 Bb7 21. axb5 axb5 22. Ra2 c5 23. Nxc5 Nxc5 24. b4 Nxe4 25. Bxe4 Bxe4 26. Rxa5 Bc6 27. Rxa8 Bxa8 28. Ra1 f6 29. Ra5 Bc6 30. Nd2 Ra8 31. f3 Bd6 32. Kf2 Bc7 33. Rxa8+ Bxa8 34. c4 bxc4 35. Nxc4 Bd5 36. Nb6 Bc6 37. Nc8 Bb7 38. Na7 Kf7 39. Nb5 Bb8 40. Ba7 Bxa7+ 41. Nxa7 Ke6 42. Nb5 g6 43. Nc3 f5 44. g3 g5 45. Nb5 Bc6 46. Nc3 f4 47. b5 Bb7 48. Na4 Kd6 49. Nb6 Bd5 50. Na4 Bb3 51. Nc3 Bc2 52. b6 Kc6 53. Nd5 Bg6 54. h4 fxg3+ 55. Kxg3 gxh4+ 56. Kxh4 Bf7 57. Nf6 Kxb6 58. Nd7+ Kc7 59. Nxe5 Bd5 60. f4 Be4 61. Kg5 Kd6 62. Kf6 h5 63. Kg5 Ke6 64. Nc4 Bb1 65. Ne3 Bd3 66. Kxh5 Kf6 67. Kg4 Be2+ 68. Kg3 Bd3 69. Kf3 Bb1 70. Nc4 Kf5 71. Nd6+ Kf6 72. Ne4+ Bxe4+ 73. Kxe4 Ke6 74. f5+ Kf6 75. Kf4 Kf7 76. Ke5 Ke7 77. f6+ Kf7 78. Kf5 Kf8 79. Kf4 Kf7 80. Ke5 Kf8 81. Ke6 Ke8 82. f7+ Kf8 83. Kf6 1/2-1/2